00412 2200169 4500001002100000005001500021008004100036020002300077035001900100041000700119082000900126090000800135100001700143245002200160260003700182300002300219INLIS00000000001109720241224114123241224||||||||| | ||| |||| || |  a978-602-78888-47-0 0010-1224011097 aid0 aNONE a8130 aIndah Hanaco00aThe Vanilla Heart aYogyakartabBENTANG PUSAKAc2013 avi + 262 hlm; 20,5